| 000 | 00582nam a2200157 i 4500 | ||
|---|---|---|---|
| 001 | 38747 | ||
| 003 | ES-MaACL | ||
| 005 | 20230906155819.0 | ||
| 007 | t| | ||
| 008 | 030226s1968 sp ||||1| spa d | ||
| 110 | 2 |
_aCámara Oficial de Industria de Guipúzcoa. _9169740 |
|
| 245 | 1 | 0 |
_aReglamentación general y administrativa de las Cámaras O. de Comercio, Industria y Navegación en 1968 / _cCámara Oficial de Industria de Guipúzcoa. |
| 260 |
_a[San Sebastián] : _bCámara Oficial de Industria, _c[1968] |
||
| 300 |
_a110 p. ; _c21 cm. |
||
| 852 |
_aES-MaACL _jC-49954 _bR.68709 |
||
| 999 |
_c38747 _d38747 |
||